000 00673cam a22002172 4500
001 0000018906
005 20151217145908.0
008 100815s xx 000 0 eng d
020 _a9966468919 :
040 _aKABU
_cKABU
100 1 _aChesaina, C.
_@0000178379
245 1 0 _aOral literature of the Kalenjin /
_cC. Chesaina.
250 _a1st ed.
260 _aNairobi :
_bE. A. E. P.,
_c1991.
300 _aix, 167 p.
650 0 _aKalenjin (African people)
_xFolklore.
_@0000178380
650 0 _aFolk literature, Kalenjin
_xHistory and criticism.
_@0000178381
852 1 _9p415 KES
908 _a100815
950 _@1
999 _c3828
_d3828